Medzinárodné právo verejné (všeobecná časť)
Gespeichert in:
| 1. Verfasser: | |
|---|---|
| Körperschaft: | |
| Weitere Verfasser: | , , , |
| Format: | Buch |
| Sprache: | Slowakisch |
| Veröffentlicht: |
Bratislava
Vydavateľstvo EKONÓM
2018
|
| Ausgabe: | 1. vydanie |
| Schlagworte: | |
| Tags: |
Keine Tags, Fügen Sie das erste Tag hinzu!
|
MARC
| LEADER | 00000nam a2200000 4500 | ||
|---|---|---|---|
| 001 | 0251850 | ||
| 005 | 20240502074035.4 | ||
| 020 | |a 978-80-225-4599-0 | ||
| 041 | 0 | |a slo | |
| 044 | |a SK | ||
| 245 | 1 | 0 | |a Medzinárodné právo verejné |b (všeobecná časť) |c Stanislav Mráz, Katarína Brocková ; recenzenti: Jozef Králik, Vladlena Lisenko, Ján Reken |
| 250 | |a 1. vydanie | ||
| 264 | 1 | |a Bratislava |b Vydavateľstvo EKONÓM |c 2018 | |
| 300 | |a 247 s. [17,34 AH] | ||
| 610 | 2 | 0 | |a právo verejné medzinárodné |
| 610 | 2 | 0 | |a vzťahy medzinárodné |
| 610 | 2 | 0 | |a právo verejné |
| 610 | 2 | 0 | |a história |
| 610 | 2 | 0 | |a subjekty práva medzinárodného |
| 610 | 2 | 0 | |a zodpovednosť právna |
| 610 | 2 | 0 | |a štát |
| 610 | 2 | 0 | |a hranice štátne |
| 610 | 2 | 0 | |a ochrana právna |
| 610 | 2 | 0 | |a rieky |
| 610 | 2 | 0 | |a more |
| 610 | 2 | 0 | |a obyvateľstvo |
| 610 | 2 | 0 | |a občianstvo štátne |
| 610 | 2 | 0 | |a zmluvy medzinárodné |
| 610 | 2 | 0 | |a Slovensko |
| 100 | 1 | |a Mráz, Stanislav | |
| 700 | 1 | |a Brocková, Katarína, 1976- | |
| 700 | 1 | |a Králik, Jozef | |
| 700 | 1 | |a Lisenko, Vladlena | |
| 700 | 1 | |a Reken, Ján | |
| 710 | 2 | |a Ekonomická univerzita v Bratislave. Fakulta medzinárodných vzťahov | |